LEADER 00989nam0 2200277 450 001 000006548 005 20060222103704.0 010 $a88-464-6564-4 100 $a20060222d2005----km-y0itay50------ba 101 0 $aita 102 $aIT 105 $aa-------001yy 200 1 $aRileggere l'ambiente. La centralità dei ruoli tecnici$e2. rapporto annuale sulla sicurezza in Italia 2005$fCensis 210 $aMilano$cFranco Angeli$dc2005 215 $a130 p.$cill.$d23 cm 225 2 $aVarie$v1105 300 $aIn testa al front.: Consiglio nazionale dei periti industriali e dei periti industriali laureati presso Ministero della Giustizia 410 0$12001$aVarie 610 1 $aAmbiente naturale$aTutela$aItalia 676 $a363.70945$v20 710 02$aCensis$09271 801 0$aIT$bUNIPARTHENOPE$c20060222$gRICA$2UNIMARC 912 $a000006548 951 $a363-R/2$b38261$cNAVA1$d2006 996 $aRileggere l'ambiente. La centralità dei ruoli tecnici$91205394 997 $aUNIPARTHENOPE LEADER 01000nam0-22002891i-450- 001 990002052210403321 005 20090317134546.0 035 $a000205221 035 $aFED01000205221 035 $a(Aleph)000205221FED01 035 $a000205221 100 $a20030910d1966----km-y0itay50------ba 101 0 $aita 200 1 $aGiornata della difesa fitosanitaria del nocciuolo in Campania$eatti$aLauro (AV), 6 giugno 1966 210 $aAvellino$cCamera di commercio industria artigianato e agricultura$d1966 215 $a50 p.$d24 cm 610 0 $aNocciolo$aAntiparassitari 676 $a634.5 710 12$aGiornata della difesa fitosanitaria del nocciuolo$f<1966 ;$eLauro (AV)>$0431712 801 0$aIT$bUNINA$gRICA$2UNIMARC 901 $aBK 912 $a990002052210403321 952 $a61 VII B.1/126$b6922 (20/04/19989$fDAGEN 959 $aDAGEN 996 $aLauro (AV), 6 giugno 1966$9406121 996 $aGiornata della difesa fitosanitaria del nocciuolo in Campania$9406120 997 $aUNINA